MDQL
is popping MORE tags! Check the
thread
!
Quizzes
Events
Quiz Creation
Community
Videos
Private Events
Remove Ads
Sign In
Join for FREE
Feedback
Dark Mode
Quiz Categories
Sports
Geography
Music
Movies
Television
Just For Fun
Miscellaneous
History
Literature
Language
Science
Gaming
Entertainment
Religion
Holiday
For Kids
Quiz Lab
Recent
Popular Today
Quiz Kudos Today
Editor Picks
Curator Picks
Quizzes by...
Day
Popularity
Type
Ratings
Length
Year
Community
Subscriptions
Recent Discussions
Orange Saloon
Badges
Playlists
Quests
Create
Leaderboards
Showdown
Live 5
Trivia Bingo
Activity
Puzzle Library
Sporcle Events
Private Events
Virtual Trivia
Globe League
Become a Host
Pub Owners
SporcleCon
Opinionation
Our Games
Videos
Blog
Mobile Apps
Partnerships
Remove Ads and Go Orange
Feedback
Music
Pop Music
The Beatles
Song
Album
Lyrics
Bands
Singers
Artist
Clip
Rock
Rap
Classical
Billboard
Country Music
Kpop
Taylor Swift
Music
Pop Music
The Beatles
Song
Album
Lyrics
Bands
Singers
Artist
Clip
Rock
Rap
Classical
Billboard
Country Music
Kpop
Taylor Swift
Random Quiz
Search Sporcle
×
Quiz Lab
Quiz Lab
Music
Rock
Type in answers that appear in a list
Type in answers that appear in a list
Classic
Best Score? Go Orange.
90's Bands Lead Singers Stats
Can you name the 90's bands fronted by these singers?
By
kazmega
7m
60 Questions
1,616 Plays
1,616 Plays
1,616 Plays
Comments
Comments
Give Quiz Kudos
Give Quiz Kudos
-
- Ratings
hide this ad
More Info
Replay
Link that replays current quiz
Next Quiz
Link to next quiz in quiz playlist
You Got
0%
They Got
Avg Score
48%
Avg Friend Score
Upgrade to see
Score Distribution
Jump to the score distribution portion of the page
Score
0/60
Timer
07:00
1
Play Today
Singer
Band
% Correct
Kurt Cobain
Nirvana
98.9%
Dave Grohl
Foo Fighters
93.1%
Billie Joe Armstrong
Green Day
91.6%
Bono
U2
90.6%
Eddie Vedder
Pearl Jam
88.8%
Chris Cornell
Soundgarden
88.7%
Steven Tyler
Aerosmith
86.2%
Liam Gallagher
Oasis
85.2%
Gwen Stefani
No Doubt
84.7%
Courtney Love
Hole
84%
James Hetfield
Metallica
83.2%
Anthony Kiedis
Red Hot Chili Peppers
82.6%
Billy Corgan
Smashing Pumpkins
81.1%
Thom Yorke
Radiohead
75.4%
Trent Reznor
Nine Inch Nails
75.3%
Michael Stipe
R.E.M.
74.3%
Layne Staley
Alice in Chains
71.3%
Scott Weiland
Stone Temple Pilots
69.4%
Fred Durst
Limp Bizkit
67.9%
Rivers Cuomo
Weezer
66.5%
Zack de la Rocha
Rage Against the Machine
64.9%
Mark Hoppus & Tom DeLonge
Blink-182
64.2%
Gavin Rossdale
Bush
62%
Dolores O'Riordan
The Cranberries
60%
Shirley Manson
Garbage
57.4%
Jonathan Davis
Korn
54.3%
Rob Thomas
Matchbox Twenty
53.5%
Maynard James Keenan
Tool
51.4%
Damon Albarn
Blur
50.6%
Darius Rucker
Hootie and the Blowfish
47.3%
Singer
Band
% Correct
Perry Farrell
Jane's Addiction
46.8%
Dexter Holland
The Offspring
45%
Adam Duritz
Counting Crows
40.8%
Les Claypool
Primus
40.5%
Shannon Hoon
Blind Melon
40.5%
Phil Anselmo
Pantera
38.1%
Johnny Rzeznik & Robby Takac
Goo Goo Dolls
34.9%
Mike Patton
Faith No More
34%
Bradley Nowell
Sublime
33.8%
Ed Kowalczyk
Live
30.8%
Chino Moreno
Deftones
30.7%
Kim Deal
The Breeders
27%
John Popper
Blues Traveler
24.8%
Art Alexakis
Everclear
24.2%
Mark Lanegan
Screaming Trees
24%
Stephan Jenkins
Third Eye Blind
22.6%
Tim Armstrong, Matt Freeman & Lars Frederiksen
Rancid
19.8%
Jeff Tweedy
Wilco
18.8%
Dave Pirner
Soul Asylum
16.6%
Ed Roland
Collective Soul
16%
Al Jourgensen
Ministry
15.1%
Mike Ness
Social Distortion
12.9%
Richard Patrick
Filter
12.8%
Nina Gordon & Louise Post
Veruca Salt
12.6%
Nick Hexum & Doug Martinez
311
12%
Robin Wilson
Gin Blossoms
10.5%
Dicky Barrett
The Mighty Mighty Bosstones
9.5%
John McCrea
Cake
8.1%
Raine Maida
Our Lady Peace
7.9%
Max Collins
Eve 6
5.3%
Quiz Playlist
Details
Report
Send in Message
Add To Playlist
More Info:
Bands did not need to be active only in the 90's to be eligible for this quiz. They may have been founded before and/or continued after.
Classic:
Type in answers that appear in a list
Last Updated: May 16, 2019
Quiz Scoreboard
CHALLENGE
Sign Up to Join the Scoreboard
Show All
Scores
Hide
Comments
May contain spoilers
Recently Published
Two Season TV Shows II
by 123Four
Television
10m
Image Sorting: Flags VI
by Barbecue
Geography
2m
Find the 'City' Movie
by crazypaving
Movies
60s
More to Explore
Quiz From the Vault
Featured Blog Post
14 Easter Pick-up Lines to Find Eggs With
hide this ad
You Might Also Like...
Tags
Rock Quiz
1990s
Alternative
Alternative Music
grunge
Grunge Bands
Lead Singers
Lead Vocalist
nu-metal
Rock Musicians
Seattle Grunge
Vocalists
Today's Top Quizzes in Music
Browse Music
hide this ad
Today's Top Quizzes in Rock
Browse Rock
Top Contributed Quizzes in Music
1
5X2 Blitz: Bands II
2
5X2 Blitz: The Beatles
3
Taylor Swift All Songs (2024)
4
5X2 Blitz: Billboard
5
5X2 Blitz: Billboard II
6
5X2 Blitz: Album
7
5X2 Blitz: Singers
8
5X2 Blitz: Rock
9
Music Artist by Three 2010s hits
10
5X2 Blitz: Lyrics
Explore More
Trending Topics
Kpop
Anime
Marvel
Harry Potter
NBA
Crossword
Disney
Country
Puzzle
Pokémon
NFL
Soccer
WWE
Song
The Office
hide this ad
More By:
kazmega
Quiz
Plays
Rating
Category
Featured
Created
Most Common Magic: The Gathering Creature Types
9,561
5.00
Gaming
Jul 30, 2015
2000's Bands Lead Singers
5,246
4.63
Music
Aug 5, 2017
80's Bands Lead Singers
2,166
4.75
Music
Aug 29, 2017
70's Bands Lead Singers
1,998
4.87
Music
Sep 2, 2017
90's Bands Lead Singers
1,616
4.20
Music
Jul 28, 2017
Go to Creator's Profile
Score Distribution
Quiz Creator Spotlight
kazmega
Follow
Send a Message
Quizzes Created
-
Created Quiz Play Count
-
More By This Creator
Popular Quizzes Today
1
Find the US States - No Outlines Minefield
2
Colored Red Africa Blitz
3
Find the 'City' Movie
4
5x2 Blitz: Bands
5
The Countries of the World
6
Find the Countries of Europe - No Outlines Minefield
7
Find the US States
8
US States
More Music Quizzes
Sound of Musical Instruments
Published
Trending Quizzes
Colored Red Europe Blitz I
Colored Red Africa Blitz II
Colored Red Europe Blitz II
Colored Red Africa Blitz III
Colored Red Europe Blitz III
Recently Updated
How Do You Spell That?
pecheneg
Godzilla Movies
pecheneg
Grab Bag: 4-10 Letters
pecheneg
2024 March Madness Bracket
pecheneg
Famous TV Couples
Peacemaker
Champions League XIs: Real Madrid
pecheneg
Largest US Cities 1790-2010
pecheneg
Rides in Walt Disney World
pecheneg
Most Oscar Losses (Acting)
pecheneg
Beyoncé Albums
pecheneg
Trending Topics
Anime
Harry Potter
Marvel
Disney
NBA
Kpop
Crossword
Pokémon
Soccer
Song
The Office
NFL
Puzzle
Country
WWE
Your Account Isn't Verified!
In order to create a playlist on Sporcle, you need to verify the email address you used during registration. Go to your
Sporcle Settings
to finish the process.
Report this User
Report this user for behavior that violates our
Community Guidelines
.
Details:
Send Report
Go to the Sporcle.com Mobile Site →
Comments